1736 1512 1885 1414 1491 1408 1181 1480 1260 1911 1496 1713 1463 1063 1908 1921 1937 1775 1374 1588 1091 1345 1324 1682 1527 1707 1683 1251 1519 1259 1562 1071 1613 1318 1035 1853 1902 1399 1023 1811 1673 1574 1939 1501 1141 1885 1941 1200 1803 1541 1425 1965 1592 1553 1443 1165 1883 1471 1566 1278 1733 1409 1119 1226 1128 1760 1161 1881 1086 1368 1798 1646 1273 1501 1089 1546 1944 1495 1565 1985 1489 1247 1468 1403 1562 1085 1305 1040 1849 1417 1321 1760 1919 1328 1976 1176 1056 1115 1551 BCNSPRNW ULIB Ver.6.0+V

เปลี่ยนเป็นภาษาไทย

Change to English
 แสดงรายละเอียดบรรณานุกรม
  กลับหน้าหลัก

Brief Record : Get Marc (ISO 2709) : E-mail record : QR code < ปิดหน้าต่าง
LEADER : 00000nam 2200000uu 4500
001    13399123781
003     ULIB
008    141127s2553||||th 000 0 tha d
020    ^a9743451277
020    ^a9789743451270
060 04 ^aWY152.5^bฉ432ค
100 0  ^aเฉลิมศรี สุวรรณเจดีย์
245 10 ^aคู่มือการพยาบาลโรคหัวใจ /^cเฉลิมศรี สุวรรณเจดีย์
250    ^aพิมพ์ครั้งที่ 6
260    ^aกรุงเทพฯ :^bบพิธการพิมพ์,^c2553
300    ^a244 หน้า :^bภาพประกอบ ;^c21 ซม.
650  7 ^aการบันทึกคลื่นไฟฟ้าหัวใจ
650  7 ^aผู้ป่วย, การดูแล
650  7 ^aหัวใจ, โรค^xการพยาบาล
945    ^p180^l0^i22011
945    ^p180^l0^i22012
945    ^p180^l0^i22013
945    ^p180^l0^i22014
945    ^p180^l0^i22015
995    ^aทศพร
รายการนี้ยังไม่มีแท็ก
คุณยังไม่ได้ล็อกอิน คุณสามารถมีกิจกรรมร่วมกับเว็บไซต์ได้ แต่ต้องล็อกอินก่อน ::
  ล็อกอิน

รายการสื่อสารสนเทศ

ลำดับที่ ประเภท เลขเรียก/บาร์โค้ด สถานที่ สถานะ
1. Book การพยาบาล
Book การพยาบาล
สถานะ=หนังสือเก่า
WY152.5 ฉ432ค ฉ.1 
  Barcode: 22011
ห้องสมุดวิทยาเขตนครสวรรค์
►ส่วนจัดเก็บหนังสือเก่า นว.
บนชั้น
  ขอยืม
2. Book การพยาบาล
Book การพยาบาล
สถานะ=หนังสือเก่า
WY152.5 ฉ432ค ฉ.2 
  Barcode: 22012
ห้องสมุดวิทยาเขตนครสวรรค์
►ส่วนจัดเก็บหนังสือเก่า นว.
บนชั้น
  ขอยืม
3. Book การพยาบาล
Book การพยาบาล
สถานะ=หนังสือเก่า
WY152.5 ฉ432ค ฉ.3 
  Barcode: 22013
ห้องสมุดวิทยาเขตนครสวรรค์
►ส่วนจัดเก็บหนังสือเก่า นว.
บนชั้น
  ขอยืม
4. Book การพยาบาล
Book การพยาบาล
สถานะ=หนังสือเก่า
WY152.5 ฉ432ค ฉ.4 
  Barcode: 22014
ห้องสมุดวิทยาเขตนครสวรรค์
►ส่วนจัดเก็บหนังสือเก่า นว.
บนชั้น
  ขอยืม
5. Book การพยาบาล
Book การพยาบาล
สถานะ=หนังสือเก่า
WY152.5 ฉ432ค ฉ.5 
  Barcode: 22015
ห้องสมุดวิทยาเขตนครสวรรค์
►ส่วนจัดเก็บหนังสือเก่า นว.
บนชั้น
  ขอยืม

รายการใกล้เคียง
    ผู้แต่ง [เฉลิมศรี สุวรรณเจดีย์]

    หัวเรื่อง [การบันทึกคลื่นไฟฟ้าหัวใจ]
    หัวเรื่อง [ผู้ป่วย, การดูแล]

BibComment


ยังไม่เคยถูกคอมเมนท์

คอมเมนท์ทรัพยากรรายการนี้
  คอมเมนท์: คู่มือการพยาบาลโ..


 Copyright 2026. Bcnsprnw @Library